[Event "Kuala Lumpur Inter Varsity-ch"]
[Site "Kuala Lumpur"]
[Date "2020.02.10"]
[Round "1"]
[White "Aji Firman, Cahya Wardhana"]
[Black "Ahmad Nazar, Ellie Emira Syami"]
[Result "1-0"]
[WhiteElo "1959"]
[BlackElo "1438"]
[PlyCount "25"]
[EventDate "2020.02.10"]
[EventType "swiss"]
[EventRounds "9"]
[EventCountry "MAS"]
[SourceTitle "CBM 195 Extra"]
[Source "ChessBase"]
[SourceDate "2020.05.31"]
[SourceVersion "1"]
[SourceVersionDate "2020.05.31"]
[SourceQuality "1"]

1. f4 d5 2. Nf3 c5 3. e3 g6 4. c4 Nf6 5. b3 Nc6 6. Bb2 b6 7. cxd5 Qxd5 8. Bc4 Qd8 9. Ne5 Nxe5 10. fxe5 Ne4 11. e6 f6 12. Bb5+ Bd7 13. Bxd7+ 1-0

[Event "Kuala Lumpur UM KPT op"]
[Site "Kuala Lumpur"]
[Date "2016.12.18"]
[Round "7"]
[White "Ahmad Fuad, Fairuz Hamizah"]
[Black "Ahmad Nazar, Ellie Emira Syami"]
[Result "1/2-1/2"]
[WhiteElo "1643"]
[BlackElo "1518"]
[PlyCount "120"]
[EventDate "2016.12.16"]
[EventType "swiss"]
[EventRounds "9"]
[EventCountry "MAS"]
[SourceTitle "CBM 176 Extra"]
[Source "ChessBase"]
[SourceDate "2017.03.02"]
[SourceVersion "1"]
[SourceVersionDate "2017.03.02"]
[SourceQuality "1"]

1. e4 e5 2. Nf3 Nc6 3. Bc4 Bc5 4. d3 Nf6 5. Bg5 h6 6. Bh4 0-0 7. 0-0 d6 8. h3 Na5 9. Bb3 Nxb3 10. axb3 c6 11. Qd2 Re8 12. b4 Bb6 13. Nc3 d5 14. exd5 cxd5 15. Bxf6 Qxf6 16. Nxd5 Qg6 17. Kh1 Bd8 18. Rfe1 Qh5 19. Qe2 Be6 20. Qxe5 Qxe5 21. Rxe5 Kf8 22. Rae1 Be7 23. Nc7 Bd6 24. Nxe6+ Rxe6 25. Rxe6 fxe6 26. Rxe6 Bxb4 27. g4 Kf7 28. Re4 Bd6 29. Ne5+ Ke6 30. Nc4+ Kd5 31. Nxd6 Kxd6 32. b4 a5 33. bxa5 Rxa5 34. f4 Ra2 35. Re2 b5 36. Kg2 b4 37. Kf3 Rb2 38. d4 b3 39. cxb3 Rxb3+ 40. Re3 Rb1 41. Ke4 Rf1 42. g5 Rf2 43. gxh6 gxh6 44. Rf3 Re2+ 45. Re3 Rf2 46. Kf5 Kd5 47. Re6 Rxf4+ 48. Kxf4 Kxe6 49. Ke4 h5 50. h4 Kd6 51. d5 Kd7 52. Ke5 Ke7 53. d6+ Kd7 54. Kd5 Kd8 55. Ke6 Ke8 56. Kf5 Kd7 57. Kg5 Kxd6 58. Kxh5 Ke7 59. Kg6 Kf8 60. Kh7 Kf7 1/2-1/2

[Event "Kuala Lumpur UM KPT op"]
[Site "Kuala Lumpur"]
[Date "2016.12.17"]
[Round "4"]
[White "Chor, Mohd Ali"]
[Black "Ahmad Nazar, Ellie Emira Syami"]
[Result "1-0"]
[WhiteElo "1949"]
[BlackElo "1518"]
[PlyCount "49"]
[EventDate "2016.12.16"]
[EventType "swiss"]
[EventRounds "9"]
[EventCountry "MAS"]
[SourceTitle "CBM 176 Extra"]
[Source "ChessBase"]
[SourceDate "2017.03.02"]
[SourceVersion "1"]
[SourceVersionDate "2017.03.02"]
[SourceQuality "1"]

1. e4 e5 2. Nf3 Nc6 3. d4 exd4 4. Bc4 Bb4+ 5. c3 dxc3 6. bxc3 Ba5 7. 0-0 d6 8. Qb3 Qe7 9. Re1 Bb6 10. e5 Na5 11. exd6 Kf8 12. Qb4 Nxc4 13. Qxc4 cxd6 14. Ba3 Qc7 15. Qe4 Be6 16. Qf4 Bc5 17. Bxc5 Qxc5 18. Rxe6 Nf6 19. Rxd6 Ne4 20. Rd4 Nf6 21. Nbd2 Rc8 22. Re1 h6 23. Ne4 Nxe4 24. Rdxe4 Qxc3 25. Ne5 1-0